| 000 | 00844nam a22002297a 4500 | ||
|---|---|---|---|
| 005 | 20160225110850.0 | ||
| 010 | _a1516ENO7 B-607740-765 ENG-114921 | ||
| 020 |
_a9789383454211 _c775.00 |
||
| 020 |
_a9383454210 _c775.00 |
||
| 035 | _aB-607740-765 | ||
| 035 | _aEN-98453 | ||
| 037 | _adpl | ||
| 037 | _bDBAD/PUB | ||
| 082 | _a000 | ||
| 245 |
_aGeneral studies paper 1 for Civil Services preliminary examination / _cby Majid Husain...[et al] |
||
| 260 |
_aNew Delhi _bAccess Publishing _c2015 |
||
| 270 |
_aH.No.8,Nagin Lake Apartment, Paschim Vihar _bNew Delhi _e110087 _k- _l- _m- |
||
| 300 |
_avarious pagings : _bill. _c28cm(pbk) |
||
| 700 | _aMajid Husain | ||
| 942 |
_2ddc _cEN _h000 _mGEN |
||
| 999 |
_c95739 _d95739 |
||